000 00421nam a2200157Ia 4500
003 GCL
008 140319s9999 xx 000 0 ara d
040 _aGCL /
_cGCL
082 0 4 _a818
_bص ا
100 1 _aصبحى الشارونى
245 1 0 _aاحلى الكلام /
_cصبحى الشارونى
300 _a151 ص
490 _aكتابات معاصرة
_v0
650 0 4 _aالادب العربى
942 _2ddc
_cBK
999 _c47362
_d47362